000 00398nam a2200145 4500
999 _c1135
_d1135
008 200110b ||||| |||| 00| 0 eng d
082 0 0 _a625.27
_bB296
100 _9714
_aBarwell, F. T.
245 1 0 _aAutomation and Control in Transport
_cby F T Barwell
250 _a1st ed.
260 _aOxford
_bPergamon
_c1973
300 _axiv, 257 p.
650 0 _aTransportation --Automation
942 _2ddc
_cBK